蜡笔小新. 46 (Record no. 69421)

000 -LEADER
fixed length control field 00497nam a22001937a 4500
003 - CONTROL NUMBER IDENTIFIER
control field MPLRDC
005 - DATE AND TIME OF LATEST TRANSACTION
control field 20220105061136.0
008 - FIXED-LENGTH DATA ELEMENTS--GENERAL INFORMATION
fixed length control field 210129b ||||| |||| 00| 0 eng d
020 ## - INTERNATIONAL STANDARD BOOK NUMBER
International Standard Book Number ISSN 1823-0431
082 ## - DEWEY DECIMAL CLASSIFICATION NUMBER
Classification number 947.413 JJYR v.46
100 ## - MAIN ENTRY--PERSONAL NAME
Personal name 臼井仪人 YOSHITO USUI
245 ## - TITLE STATEMENT
Title 蜡笔小新. 46
Statement of responsibility, etc.
250 ## - EDITION STATEMENT
Edition statement 初版
260 ## - PUBLICATION, DISTRIBUTION, ETC.
Place of publication, distribution, etc. 马来西亚
Name of publisher, distributor, etc. 漫画家有限公司
Date of publication, distribution, etc. 2007
300 ## - PHYSICAL DESCRIPTION
Other physical details
520 ## - SUMMARY, ETC.
Summary, etc. 上架 2017-12-28。
650 ## - SUBJECT ADDED ENTRY--TOPICAL TERM
Topical term or geographic name entry element 漫画
942 ## - ADDED ENTRY ELEMENTS (KOHA)
Koha item type Book
-- 947.413 JJYR v.46

No items available.

© 2022. Malaysian Public Library, Research and Development Centre. All Right ReservedE-mailmplrdc@help.edu.my 

Powered by Koha